[Event "Paracin Open 2020"]
[Site "Paracin"]
[Date "2020.07.09"]
[Round "9.7"]
[White "Srdanovic, Jovana"]
[Black "Ratkovic, Milovan"]
[Result "1/2-1/2"]
[WhiteElo "2070"]
[BlackElo "2435"]
[Annotator "TA"]
[PlyCount "93"]
[EventDate "2020.07.03"]
[EventType "swiss"]
[EventCountry "SRB"]
[SourceTitle "playchess.com"]
[Source "ChessBase"]
[SourceQuality "1"]

{[%evp 10,93,21,10,22,18,13,-22,-7,-25,-18,-27,-25,-26,-2,-25,-31,-61,-23,-49,-61,-100,-64,-149,-129,-138,-172,-201,-207,-190,-198,-234,-197,-214,-195,-197,-195,-190,-172,-207,-194,-179,-175,-199,-172,-184,-172,-172,-131,-176,-82,-170,-168,-204,-195,-598,-507,-570,-439,-694,-165,-143,-85,-75,-9,-93,-95,-64,-41,-98,73,75,118,0,0,0,0,-3,0,-11,25,27,46,46,69,52]} 1. d4 d5 2. c4 c6 3. e3 Nf6 4. Nf3 e6 5. Nbd2 c5 6. cxd5 exd5 {D30: Queen's Gambit Declined: Systems without Nc3.} 7. dxc5 Bxc5 8. Nb3 Bd6 {The position is equal.} 9. h3 Nc6 10. Bd3 O-O {[#]} 11. O-O $146 ({Predecessor:} 11. Bd2 Re8 12. Bc3 Ne4 13. O-O Bf5 14. Nbd4 Bg6 15. Bb5 Qd7 16. Qa4 Rec8 17. Rac1 {1-0 (49) Vlatkovic,M (2326)-Pecurica,M (2171) Cetinje 2012}) 11... Re8 12. Nbd4 Ne4 13. Re1 a6 14. a3 Qf6 15. Qe2 Bd7 16. Nxc6 (16. b4 $15) 16... bxc6 $17 ({Don't take} 16... Bxc6 17. Bd2 $15) 17. Bd2 Qg6 18. Kh1 {[#]} Nxf2+ $1 {[%mdl 576] Discovered Attack, Deflection} 19. Qxf2 Qxd3 20. Rf1 Re7 21. Rac1 Rae8 22. Rc3 Qe4 23. b4 h6 24. Rcc1 Rf8 25. Qh4 Qg6 26. Qf2 Bg3 27. Qe2 Bf5 28. Rc3 Be4 29. Nd4 {[#]} Rc7 (29... c5 $1 $19 {[%mdl 512]} 30. bxc5 Rb7) 30. Rfc1 (30. Qg4 $17) 30... Be5 $19 {Threatens to win with ...Qg3.} 31. Qg4 Qf6 {...Qf2 is the strong threat.} 32. Rxc6 $2 (32. Kg1 {is tougher.} Bxd4 33. exd4) 32... Rxc6 33. Nxc6 Bb2 34. Rc5 (34. Qf4 $142 Qxf4 35. exf4 Bxc1 36. Bxc1) 34... Re8 $2 (34... Qf2 35. Bc1 Qe1+ 36. Kh2 Bxc1 37. Ne7+ Kh7 $1 {[%mdl 512]} 38. Rxd5 Bxd5 39. Nxd5 Bxa3 40. Qe4+ Kg8) 35. Qf4 Qe6 ({Not} 35... Bxa3 36. Qxf6 gxf6 37. Ra5 $11) (35... Qg6 $142 {[%csl Ge4][%cal Rg6g2]} 36. Qg4 Qf6) 36. Kh2 Bf6 (36... Bxa3 $17 37. Bc3 Qg6) 37. Nd4 (37. Bc3 $11 {remains equal.}) 37... Qd7 $17 {White must now prevent ...Be5.} 38. Qg4 Be5+ 39. Kg1 {[#]} Qa4 $2 (39... f5 $1 $17 {[%cal Rf5g4] stays on course.} 40. Qh4 {[#]} f4 $1 {[%mdl 512]}) 40. Ra5 $36 {[%mdl 2048] White is really pushing.} h5 41. Rxa4 (41. Qxh5 $16 Qd7 42. Rxa6) 41... hxg4 $11 42. hxg4 Bd3 43. Ra5 Bc4 44. Rc5 g6 (44... Bxd4 $5 45. exd4 Re4 $11) 45. Nf3 Bb2 46. a4 Kg7 47. g5 {Whites escaped into a draw. Accuracy: White = 58%, Black = 62%.} 1/2-1/2

[Event "Paracin Open 2020"]
[Site "Paracin"]
[Date "2020.07.09"]
[Round "9.8"]
[White "Abramovic, Bosko"]
[Black "Ivic, Matija"]
[Result "1-0"]
[WhiteElo "2351"]
[BlackElo "2225"]
[Annotator "TA"]
[PlyCount "67"]
[EventDate "2020.07.03"]
[EventType "swiss"]
[EventCountry "SRB"]
[SourceTitle "playchess.com"]
[Source "ChessBase"]
[SourceQuality "1"]

{[%evp 24,67,12,30,20,0,0,0,0,4,0,0,57,48,56,47,47,51,61,61,51,35,80,60,59,58,52,0,0,0,0,0,0,0,31,5,43,43,45,45,126,113,116,110,85,86]} 1. c4 Nf6 2. Nf3 e6 3. g3 d5 4. Bg2 Be7 5. O-O O-O 6. d4 dxc4 7. Qa4 a6 8. Qxc4 b5 9. Qc2 Bb7 10. Bf4 Nd5 11. Nc3 Nxf4 12. gxf4 Nd7 13. Rfd1 Qc8 {E05: Open Catalan: 5 Nf3 Be7.} 14. e3 c5 {[#]} 15. d5 $146 ({Predecessor:} 15. dxc5 Nxc5 {½-½ (15) Odendahl,R (2320)-Sonntag,H (2365) Germany 1999}) 15... exd5 {The position is equal.} 16. Nxd5 Bxd5 17. Rxd5 {[#] And now Bh3 would win.} Nf6 (17... Ra7 $11) 18. Rdd1 $14 Ra7 19. Ne5 Rc7 20. a4 Qe6 21. axb5 axb5 22. Ra5 Qb6 23. Rda1 {Threatens to win with Ra6.} c4 24. Ra6 Qc5 25. Nc6 (25. Rd1 $14) 25... Nd5 $1 $11 26. Qf5 Rxc6 27. Rxc6 Qxc6 28. Bxd5 $40 {[%mdl 128] White mounts an attack.} Qb6 (28... Qf6 $5 {[%cal Rf6f5]} 29. Qe5 Qg6+ 30. Bg2 Bf6 31. Qxb5 Qc2 $11) 29. Qd7 Bc5 30. Kh1 g6 31. Ra8 {[%mdl 64] [#] Overworked Piece} Rxa8 (31... Qf6 $14) 32. Qxf7+ $16 {White is better.} Kh8 33. Bxa8 Qd8 34. Bd5 {Accuracy: White = 85%, Black = 70%.} 1-0

[Event "Paracin Open 2020"]
[Site "Paracin"]
[Date "2020.07.09"]
[Round "9.9"]
[White "Radeva, Viktoria"]
[Black "Sahin, Ozgun"]
[Result "1-0"]
[WhiteElo "2327"]
[BlackElo "2220"]
[Annotator "TA"]
[PlyCount "81"]
[EventDate "2020.07.03"]
[EventType "swiss"]
[EventCountry "SRB"]
[SourceTitle "playchess.com"]
[Source "ChessBase"]
[SourceQuality "1"]

{[%evp 26,81,57,24,29,25,33,27,26,23,15,15,70,59,68,36,66,66,68,64,64,64,64,55,64,64,71,69,121,110,99,108,122,115,114,112,334,264,450,420,635,596,636,629,531,381,318,253,1056,1054,1598,1562,2705,1970,29964,29965,29948,4133]} 1. e4 c5 2. Nf3 Nc6 3. d4 cxd4 4. Nxd4 g6 5. c4 Nf6 6. Nc3 Nxd4 7. Qxd4 d6 8. Be3 Bg7 9. f3 O-O 10. Qd2 Qa5 11. Rc1 Be6 12. Nd5 Qxa2 13. Nxe7+ Kh8 14. Bd4 Rfe8 {B36: Sicilian: Maroczy Bind: Gurgenidze System.} 15. Nd5 Bxd5 16. cxd5 Rac8 {White has an edge.} 17. Be2 Rxc1+ 18. Qxc1 Qa5+ (18... Nd7 $11 19. Bxg7+ Kxg7) 19. Qc3 $1 $14 {[%cal Rc3a5]} Qxc3+ {[#]} 20. Bxc3 $146 (20. bxc3 {looks sharper.} Nd7 21. Kf2 Rc8 22. Rb1 b6 23. Ke3) ({Predecessor:} 20. bxc3 Nd7 21. Kd2 Rc8 22. Rb1 Rc7 23. Ra1 a6 24. Bxa6 Nc5 25. Bc4 Bxd4 26. cxd4 Nxe4+ 27. fxe4 Rxc4 28. Kd3 Rc7 29. Ra8+ Kg7 30. Rd8 {1-0 (30) Bussmeyer,H-Becker,F corr 1998}) 20... Nd7 21. Bb5 Bxc3+ 22. bxc3 Re7 23. Bxd7 Rxd7 {[%mdl 4096] Endgame KR-KR} 24. Kd2 Re7 25. Ra1 b6 26. Kd3 f5 ({Better is} 26... Kg8 $14) 27. Ra4 $16 fxe4+ 28. fxe4 Kg7 29. Rc4 Kf6 30. Kd4 Kg5 $2 {[#]} (30... Rd7 $16) 31. Rc8 $18 Rd7 $2 (31... a5 {keeps fighting.} 32. Rd8 a4) 32. Rf8 Re7 (32... Kh6 $142 33. e5 Kg7) 33. Rd8 Kf4 {[#]} 34. g3+ $1 Kf3 35. Rf8+ Kg2 36. Rf6 Kxh2 $2 (36... Rd7 37. Rxd6 Rxd6) 37. Rxd6 Kxg3 38. e5 g5 39. Rh6 Kf4 40. Rf6+ Kg3 41. d6 {Black did not feel at home in the position after the opening. Accuracy: White = 97%, Black = 34%.} 1-0

[Event "Paracin Open 2020"]
[Site "Paracin"]
[Date "2020.07.09"]
[Round "9.10"]
[White "Formento, Paolo"]
[Black "Petkovic, Jovan"]
[Result "1-0"]
[WhiteElo "2294"]
[BlackElo "1980"]
[Annotator "TA"]
[PlyCount "115"]
[EventDate "2020.07.03"]
[EventType "swiss"]
[EventCountry "SRB"]
[SourceTitle "playchess.com"]
[Source "ChessBase"]
[SourceQuality "1"]

{[%evp 18,115,52,4,9,-13,0,0,0,-52,-43,-27,0,-9,41,33,42,-15,-4,-5,0,0,0,-31,0,-10,0,0,0,-44,-43,-48,-43,-43,-41,-44,-52,-58,-49,-47,-20,-25,-8,-32,0,0,0,0,2,-13,-28,-111,15,18,18,12,8,0,0,0,0,0,18,20,116,110,128,103,237,265,304,298,291,261,410,394,594,573,428,404,763,950,1041,750,1831,1604,29976,29977,29977,29978,29978,29979,29979,29979,29977,29978,29977,29979,29976,29978]} 1. e4 d5 2. Nc3 dxe4 3. Nxe4 Qd5 4. Nc3 Qa5 5. d4 c6 6. Bc4 Nf6 7. Nge2 Bf5 8. O-O e6 9. Ng3 Bg6 10. Qe2 Nbd7 {[%cal Bb8d7,Bd7b6,Bb6d5][%mdl 32] B01: Scandinavian Defence.} 11. Bd2 Qc7 {[#]} 12. f4 $146 ({Predecessor:} 12. Nce4 Nxe4 13. Nxe4 Be7 14. Rfe1 O-O 15. Ng5 Bd6 16. h4 Nf6 17. Bd3 Bxd3 18. Qxd3 Rfd8 19. Ne4 {1-0 (53) Tomic,B (2382)-Savic,M (2539) Banja Vrucica 2009}) 12... O-O-O {The position is equal.} 13. a4 (13. f5 $11 exf5 14. Nxf5) 13... Nb6 $15 14. Bb3 Bd6 15. Nce4 Be7 16. a5 {f5 is the strong threat.} Nbd5 17. Ra4 ({White should play} 17. a6 $14) 17... h5 18. Nxf6 Nxf6 19. f5 exf5 20. Qf3 Ne4 21. Nxe4 fxe4 22. Qh3+ Qd7 23. Bxf7 Qxh3 24. gxh3 Bxf7 25. Rxf7 Bf6 26. c3 {Threatens to win with Rb4.} Rhf8 27. Rxf8 Rxf8 {[%mdl 4096] Endgame KRB-KRB} 28. Ra1 Kd7 29. Re1 Re8 30. Be3 Kd6 31. Rf1 Ke6 32. Rf4 Kf7 33. Rf5 Kg6 34. Rc5 {[#]} (34. Rf2 $11 {remains equal.}) 34... Rd8 {[#]} ({Black should try} 34... a6 $1 $17) 35. a6 $1 $11 {[%cal Ra6b7][%mdl 512]} bxa6 36. Rxc6 Rb8 37. b4 ({Much worse is} 37. Rxa6 Rxb2 38. d5 (38. Rxa7 Re2 $17) 38... Kf5 $17) 37... a5 $1 {[%cal Ra5b4]} 38. bxa5 Rb1+ 39. Kf2 Rb2+ 40. Kg3 {Hoping for a6.} Kf5 (40... h4+ $11 {keeps the balance.} 41. Kf4 Rxh2) 41. Rc5+ $16 Kg6 {[#]} 42. h4 $1 Re2 {This costs Black the game.} (42... Be7 $16) 43. Bg5 $18 e3 44. Kf3 Rxh2 {With the idea ...e2.} 45. Kxe3 Bxg5+ (45... Rh3+ $142 46. Kd2 a6) 46. Rxg5+ {KR-KR} ({Less strong is} 46. hxg5 Rh1 $16) 46... Kh6 (46... Kf7 $142 47. Rxh5 Rh3+ 48. Kd2 Rh2+ 49. Kd3 Ke6) 47. Rg1 Rh3+ 48. Kd2 Rxh4 (48... Rh2+ $142 49. Kd3 Rh3+ 50. Kc2 Rh2+ 51. Kb3 Rd2) 49. d5 Rf4 50. Ke3 g5 51. d6 Kg6 52. Rd1 {White mates.} Rf8 53. d7 Rd8 54. c4 Kf6 55. c5 Ke7 56. c6 h4 57. c7 Rxd7 58. Rc1 {Accuracy: White = 83%, Black = 55%.} 1-0

[Event "Paracin Open 2020"]
[Site "Paracin"]
[Date "2020.07.09"]
[Round "9.11"]
[White "Van Dael, Siem"]
[Black "Aleksic, Neven"]
[Result "1-0"]
[WhiteElo "2293"]
[BlackElo "2169"]
[Annotator "TA"]
[PlyCount "63"]
[EventDate "2020.07.03"]
[EventType "swiss"]
[EventCountry "SRB"]
[SourceTitle "playchess.com"]
[Source "ChessBase"]
[SourceQuality "1"]

{[%evp 20,63,28,38,35,0,16,16,102,72,68,66,81,89,87,85,70,38,42,0,85,108,98,86,229,219,383,354,354,352,324,342,427,439,428,425,512,490,1041,1040,1017,1006,988,976,959,943]} 1. e4 d5 2. exd5 Qxd5 3. Nc3 Qa5 4. d4 c6 5. Bc4 Bf5 6. Nf3 Nf6 7. O-O e6 8. Re1 Bb4 9. Bd2 Nbd7 10. a3 Bxc3 11. Bxc3 Qc7 {B01: Scandinavian Defence.} 12. Bd3 {Strongly threatening Bxf5.} (12. Qc1 {with more complications.} O-O 13. Bd2 c5 14. Bf4 Qc6 15. Be2) 12... Bxd3 13. Qxd3 O-O-O {[#]} (13... O-O $11 {remains equal.}) 14. Qc4 $146 ({Predecessor:} 14. b4 h6 15. a4 Nd5 16. Bd2 g5 17. c4 Nf4 18. Qe3 Ng6 19. h3 Kb8 20. a5 {0-1 (48) Trani,F (1986)-Lund,J (2199) IECG email 1999}) 14... Nd5 15. Bd2 h6 16. b4 g5 17. Qb3 Nf4 18. Bxf4 Qxf4 19. b5 c5 (19... cxb5 $1 $11 {keeps the balance.} 20. c3 (20. Qxb5 g4 $11) 20... Nb6) 20. dxc5 $16 Nxc5 21. Qc3 b6 {[#] Black cannot hold the game after this.} (21... Qc7 $16) 22. a4 $1 $18 Kb7 $2 (22... g4 {was worth a try.}) 23. a5 g4 24. axb6 axb6 {[#]} 25. Ne5 $1 Ra8 26. g3 {White is clearly winning.} Qf6 {[#]} 27. Ra6 $1 {[%mdl 576] Black must now prevent Rxb6+! Decoy} Rxa6 28. bxa6+ Kxa6 (28... Ka8 $142 29. Qb4 Qe7 30. Qxg4 Rc8 31. Qf3+ {[%mdl 64] Double Attack} Ka7 32. Nc6+ Rxc6) 29. Ra1+ ({Not} 29. Rb1 Qxf2+ 30. Kh1 Rc8 $16) 29... Kb7 {[#]} 30. Ra7+ $1 {[%mdl 576] Deflection, Decoy} Kxa7 31. Nc6+ {[%mdl 64] Discovered Attack} Kb7 32. Qxf6 {Accuracy: White = 75%, Black = 40%.} 1-0

[Event "Paracin Open 2020"]
[Site "Paracin"]
[Date "2020.07.09"]
[Round "9.12"]
[White "Krasteva, Beloslava"]
[Black "Kisic, Jovan"]
[Result "1/2-1/2"]
[WhiteElo "2246"]
[BlackElo "1860"]
[Annotator "TA"]
[PlyCount "57"]
[EventDate "2020.07.03"]
[EventType "swiss"]
[EventCountry "SRB"]
[SourceTitle "playchess.com"]
[Source "ChessBase"]
[SourceQuality "1"]

{[%evp 11,57,46,46,48,77,66,74,58,67,47,60,51,75,71,68,69,67,27,41,24,177,164,184,158,168,171,203,159,170,106,131,73,67,76,71,4,23,0,68,36,37,0,64,0,18,0,45,-126]} 1. d4 Nf6 2. c4 c5 3. d5 b5 4. cxb5 a6 5. b6 d6 6. Nc3 Qxb6 7. Nf3 {A57: Benko/Volga Gambit.} Bb7 8. e4 Nbd7 9. a4 {[%cal Ba2a4,Ba4a5][%mdl 32] White is better.} g6 10. Nd2 Bg7 11. Nc4 Qc7 12. a5 O-O 13. Be2 Rfe8 14. O-O e6 $1 15. Bf4 $36 {[%mdl 2048] [#] White is pushing.} e5 $146 {[#]} (15... exd5 $11 {and Black stays safe.} 16. exd5 (16. Nxd6 Re6 $15) 16... Ne4 17. Nxe4 Rxe4 18. Bxd6 Qd8) ({Predecessor:} 15... Bf8 16. Bf3 Ne5 17. Bxe5 dxe5 18. d6 Qc6 19. Qd2 Rad8 20. Rfd1 Nd7 21. Na4 f6 {1-0 (39) Safin,S (2512)-Collas,S (2325) Metz 2000}) 16. Be3 Rf8 17. Bd3 Ne8 18. Qc2 Qd8 19. g3 Qe7 20. Rae1 (20. Rab1 $18) 20... Nc7 21. f4 (21. b4 $142 {Threatens to win with bxc5.} cxb4 22. Rb1) 21... exf4 $16 22. gxf4 Nb5 23. f5 (23. Qg2 $16) 23... Ne5 $11 24. Nxe5 Qxe5 (24... Bxe5 $11 25. Qd2 Nd4) 25. Bf4 Qd4+ 26. Be3 Qe5 27. Bf4 Qd4+ 28. Be3 Qe5 29. Bc1 $2 {White really could win this. Accuracy: White = 57%, Black = 70%.} (29. Kh1 $14 {stays ahead.}) 1/2-1/2

[Event "Paracin Open 2020"]
[Site "Paracin"]
[Date "2020.07.09"]
[Round "9.13"]
[White "Stanojevic, Ilija"]
[Black "Mitev, Valentin"]
[Result "1/2-1/2"]
[WhiteElo "2220"]
[BlackElo "2240"]
[Annotator "TA"]
[PlyCount "72"]
[EventDate "2020.07.03"]
[EventType "swiss"]
[EventCountry "SRB"]
[SourceTitle "playchess.com"]
[Source "ChessBase"]
[SourceQuality "1"]

{[%evp 19,72,46,60,43,42,38,67,42,97,104,134,125,129,113,117,66,54,47,82,87,79,0,7,0,137,139,139,92,94,91,91,91,95,98,106,102,106,113,102,110,104,61,268,234,247,0,0,0,0,0,0,0,0,0,0]} 1. c4 c6 2. e4 e5 3. Nf3 d6 4. d4 Nd7 5. Nc3 Ngf6 6. g3 Be7 7. Bg2 O-O 8. O-O Re8 9. h3 Bf8 10. Be3 a6 11. Qc2 {A55: Old Indian Defence with Nf3 and e4.} b5 12. Rfd1 {[#]} b4 $146 ({Predecessor:} 12... Bb7 13. cxb5 axb5 14. a3 Rc8 15. b4 Qc7 16. Rac1 Qb8 17. Qb3 exd4 18. Nxd4 c5 19. Ndxb5 Nxe4 20. Nxe4 Bxe4 21. Bxe4 Rxe4 {1-0 (59) Delorme,A (2502)-Iglesias,J (2292) Drancy 2016}) 13. Na4 {White is slightly better.} Qa5 (13... exd4 $14 14. Nxd4 c5) 14. dxe5 $16 dxe5 15. c5 Qc7 16. b3 a5 17. Nd2 ({Better is} 17. Bf1 $16) 17... Ba6 $14 18. Nc4 Rab8 19. Nd6 Re6 {[%cal Rf8d6]} 20. f4 ({White should try} 20. Nf5 $16) 20... Bxd6 $11 21. f5 {[#]} Ree8 (21... Bxc5 $1 $11 22. Nxc5 Nxc5) 22. cxd6 $16 Qb7 23. Rac1 Bb5 24. Nc5 Nxc5 25. Bxc5 Nd7 26. g4 Nxc5 27. Qxc5 Qb6 28. Bf1 Red8 29. Bxb5 cxb5 30. d7 Qf6 $2 (30... Qxc5+ $1 $14 31. Rxc5 f6) 31. Qc7 $18 {Qxb8! would kill now.} Qg5 32. Qxe5 $2 (32. Rd3 $18) 32... Qe3+ $11 {[%mdl 64] [#] Double Attack. The position is equal.} 33. Kg2 Qe2+ {[%mdl 64] Double Attack} 34. Kg3 {Black must now prevent Qf4.} Qe3+ 35. Kh4 {Strongly threatening Rc2.} Qh6+ ({Don't go for} 35... f6 $2 36. Qd5+ Kh8 37. Qd2 $18) 36. Kg3 {Threatens to win with Qc5.} Qe3+ {Accuracy: White = 78%, Black = 66%.} 1/2-1/2

[Event "Paracin Open 2020"]
[Site "Paracin"]
[Date "2020.07.09"]
[Round "9.14"]
[White "Radisavljevic, Dalibor"]
[Black "Konyves, Almos"]
[Result "1-0"]
[WhiteElo "2214"]
[BlackElo "2076"]
[Annotator "TA"]
[PlyCount "71"]
[EventDate "2020.07.03"]
[EventType "swiss"]
[EventCountry "SRB"]
[SourceTitle "playchess.com"]
[Source "ChessBase"]
[SourceQuality "1"]

{[%evp 18,71,35,43,41,12,9,16,100,31,25,-45,-39,-80,-69,-80,-14,-32,-10,-23,0,-6,51,54,230,224,272,277,339,317,318,212,241,206,190,79,438,398,408,352,891,855,849,825,29986,29987,29989,29990,29990,6073,5697,5318,2175,682,590,599]} 1. e4 c5 2. Nf3 Nc6 3. d4 cxd4 4. Nxd4 Nf6 5. Nc3 d6 6. Bg5 e6 7. Qd2 a6 8. O-O-O Bd7 9. f4 h6 10. Bh4 Be7 {B67: Sicilian: Richter-Rauzer: 7...a6 8 0-0-0 Bd7, lines without 9 f4 Be7.} 11. Be2 O-O {11...b5 gains popularity.} 12. Bf3 {[#]} Re8 $146 {[#]} (12... Qc7 $11) ({Predecessor:} 12... Nxe4 13. Nxe4 Bxh4 14. Nxd6 Qc7 15. Nb3 Rad8 16. g3 Be7 17. Ne4 e5 18. Kb1 Bf5 {0-1 (29) Cladouras,P (2355)-Ivanov,A (2525) Gausdal 1991}) 13. Bxf6 ({Better is} 13. Nb3 $1 $16) 13... Bxf6 $14 14. Nxc6 (14. Nb3 $1 $11) 14... Bxc6 $15 15. Ne2 Qb6 {[%csl Gf6][%cal Rb6b2]} 16. c3 $1 Red8 (16... Ba4 $17 17. b3 Bb5) 17. g4 d5 18. e5 Be7 19. Nd4 Bd7 (19... Ba4 $11) 20. h4 $14 Qa5 $2 ({Black should play} 20... Bc5 $14) 21. Kb1 $18 b5 22. g5 Rab8 23. gxh6 b4 {[#] And now ...bxc3 would win.} 24. Qg2 $1 {[%csl Gh6][%cal Rg2g7]} g6 25. h5 bxc3 26. b3 $40 {[%mdl 128] White attacks with force.} (26. Nb3 $18 {has better winning chances.} Rxb3 27. axb3 cxb2 28. Qxb2) 26... Be8 $2 {[%mdl 8192]} (26... Kh7 $16) 27. hxg6 fxg6 28. Qc2 Qb6 $2 (28... Rb6 29. Bh5 Qa3 30. Bxg6 Qb2+ 31. Qxb2 cxb2) 29. Rhg1 Kh8 {[#]} 30. Bh5 $1 {[%mdl 512]} Bc5 (30... gxh5 31. Rg7) 31. Rxg6 Bxg6 32. Qxg6 {[%csl Gh6][%cal Rg6g7]} c2+ 33. Nxc2 (33. Kxc2 $142 Rg8 34. Qf6+ Kh7 35. Be2 Qb5 36. Nxb5 Rg2 37. Kb1 Rb7 38. Bd3+ Kg8 39. h7+ Rxh7 40. Bxh7+ Kxh7 41. Rh1+ Rh2 42. Rxh2+ Kg8 43. Rh8#) 33... Rg8 {White is clearly winning.} 34. Qf6+ Kh7 35. Qf7+ (35. Be2 $142 Qb5 36. Bxb5 axb5 37. Qxe6) 35... Kh8 {Black wants to play ...Rbf8.} 36. Bg6 {Accuracy: White = 65%, Black = 42%.} 1-0

[Event "Paracin Open 2020"]
[Site "Paracin"]
[Date "2020.07.09"]
[Round "9.15"]
[White "Tirelli, Mauro"]
[Black "Ljepic, Andrej"]
[Result "1/2-1/2"]
[WhiteElo "2187"]
[BlackElo "1857"]
[Annotator "TA"]
[PlyCount "86"]
[EventDate "2020.07.03"]
[EventType "swiss"]
[EventCountry "SRB"]
[SourceTitle "playchess.com"]
[Source "ChessBase"]
[SourceQuality "1"]

{[%evp 10,86,9,0,18,0,26,25,19,0,0,0,0,0,10,9,19,8,44,17,29,5,29,28,28,26,36,26,36,41,37,0,0,-91,-33,-30,0,0,0,0,0,0,0,0,0,0,7,-4,0,0,12,0,0,0,0,0,0,0,0,0,0,-5,-6,-5,-12,-5,0,0,0,0,-12,-62,-46,-71,0,0,0,-77,13]} 1. c4 e6 2. Nf3 Nf6 3. Nc3 d5 4. e3 Be7 5. b3 O-O 6. Bb2 Nbd7 {A13: English Opening: 1...e6.} 7. Qc2 c5 8. cxd5 exd5 {[#] White has an edge.} 9. Be2 $146 ({Predecessor:} 9. d4 b6 10. Bd3 Bb7 11. O-O a6 12. Ne5 Bd6 13. f4 Re8 14. Qe2 b5 15. Qf3 {0-1 (38) Walinder,L (2251)-Razin,V (2381) Malmo 2018}) 9... b6 10. O-O Bb7 11. d4 Rc8 12. dxc5 Nxc5 13. Rac1 Nfe4 14. Qb1 Bf6 15. Nb5 Bxb2 16. Qxb2 a6 17. Nbd4 Qf6 18. Rc2 b5 19. a3 g6 20. Ne1 Ne6 21. Ndf3 (21. Rxc8 $11 {remains equal.} Rxc8 22. Nef3) 21... Qxb2 (21... Rc3 $17 22. Rxc3 Qxc3 23. Qxc3 Nxc3) 22. Rxb2 $15 Rc3 23. Nc2 Rfc8 24. Ncd4 Kf8 25. Rd1 Rc1 {[#] Strongly threatening ...Rxd1+.} 26. Rb1 Rxb1 27. Rxb1 Rc3 28. g3 Ke7 29. Kg2 f6 30. Nxe6 Kxe6 31. Nd4+ Ke7 32. Bf3 Nc5 33. Kf1 Ne6 {[#] Hoping for ...Nxd4.} 34. Ne2 Rc2 35. Rc1 Ra2 36. Nc3 Rxa3 37. Nxd5+ Bxd5 38. Bxd5 $11 {[%mdl 4096] Endgame KRB-KRN} Kd6 39. e4 {And now Rc6+ would win.} Nc5 40. Kg2 b4 41. Rd1 Ke7 (41... Kc7 $17) 42. Rc1 $1 {[%cal Rc1c5]} Kd6 (42... Nxb3 $11 43. Rb1 Nc5 44. Rxb4 Rc3) 43. Rd1 $17 Ke5 {Accuracy: White = 88%, Black = 83%.} ({Black should try} 43... a5 $17) 1/2-1/2

[Event "Paracin Open 2020"]
[Site "Paracin"]
[Date "2020.07.09"]
[Round "9.16"]
[White "Terziev, Dimo"]
[Black "Marjanovic, Rastko"]
[Result "1-0"]
[WhiteElo "2167"]
[BlackElo "1932"]
[Annotator "TA"]
[PlyCount "91"]
[EventDate "2020.07.03"]
[EventType "swiss"]
[EventCountry "SRB"]
[SourceTitle "playchess.com"]
[Source "ChessBase"]
[SourceQuality "1"]

{[%evp 21,91,68,81,66,70,24,17,0,13,6,11,0,17,22,12,12,18,-73,-69,-82,-49,-73,-38,-36,-35,-47,-44,-36,-43,-44,106,106,91,25,814,814,813,815,793,815,791,771,799,485,777,744,2103,2120,2120,2128,2116,2122,1990,1990,1397,1397,989,903,867,771,29983,29984,29966,29967,29966,29966,29989,29990,29994,29995,29995,29992]} 1. e4 d6 2. d4 Nf6 3. Nc3 g6 4. Be2 Bg7 5. Be3 c6 6. a4 Nbd7 7. h3 O-O 8. Nf3 Qc7 9. O-O e5 10. dxe5 dxe5 11. Bc4 Nh5 12. a5 {B08: Pirc Defence: Classical System.} Nf4 {[#]} 13. Kh2 $146 ({Predecessor:} 13. Na4 b5 14. axb6 axb6 15. Nc3 Rxa1 16. Qxa1 b5 17. Bb3 b4 18. Na2 c5 19. Nd2 {0-1 (53) Hasanzade,T (2299)-Pourramezanali,A (2487) Baku 2019}) 13... Nf6 14. Bxf4 {The position is equal.} exf4 15. e5 Nd7 16. e6 fxe6 17. Bxe6+ Kh8 18. Ne4 Ne5 19. Bb3 (19. Bxc8 $11 {remains equal.} Raxc8 20. a6) 19... Nxf3+ 20. Qxf3 Bxb2 21. Rad1 Be5 22. Rfe1 Bf5 23. a6 b6 24. Nd6 Bxd6 25. Qc3+ Be5 (25... Qg7 $15 {keeps the upper hand.} 26. Qxg7+ Kxg7 27. Rxd6 Rfe8 28. Rxe8 Rxe8) 26. Rxe5 $16 {White wants to mate with Re7+.} Qg7 27. Rde1 (27. f3 $16) 27... Rae8 $2 {[%mdl 8192] Black cannot hold the game after this.} (27... Qf6 $11) 28. Rxe8 $18 {[%cal Re8f8]} Qxc3 29. Rxf8+ Kg7 30. Rf7+ {[%mdl 64] [#] Double Attack} Kh6 31. Ree7 f3 32. Rxh7+ Kg5 {Black hopes to continue with ...b5.} 33. Re3 Qa5 34. Kg3 {h4+ would kill now.} Kf6 35. Rf7+ Kg5 36. h4+ Kh6 37. Ree7 {[%csl Ge7][%cal Rf7h7]} g5 38. Rf6+ {[%mdl 64] [#] Double Attack} Bg6 39. Ree6 gxh4+ 40. Kh2 fxg2 41. Rxg6+ {[%mdl 64] Double Attack. White mates.} Kh5 42. Kxg2 h3+ 43. Kxh3 Qa1 44. Kg2 Qxa6 45. Rg3 Qb5 46. Re1 {Accuracy: White = 84%, Black = 71%.} 1-0